000 01362nam a22002297a 4500
003 SISC
005 20180131110022.0
008 180130b xxu||||| |||| 00| 0 eng d
020 _a9715081657
050 _aPS 9993 .B68
_b.U63 2002
100 _aBose, Lilledeshan
245 _aUna & Miguel /
_cLilledeshan Bose
250 _a2nd edition
260 _aQuezon City:
_bAdarna House, Inc.,
_c2002.
300 _a107 pages ;
_c20 cm.
505 _aIncludes the story, Lia and Camille by Lilledeshan Bose and Sunantha Mendoza-Quibilan
520 _aUna and Miguel are total opposites! He's the village heartthrob, part of the good-looking "in" crowd while Una is popular for the wrong reasons. She writes songs, plays the harmonica, wears a hemp anklet, and has equally eccentric friends -- not all the type of girl Miguel and his friends go for. They call her and her friends outcasts. For these two, love is truly a long shot. But when they're forced to work together as a punishment for a prank-gone-wrong, they find that falling in love might not be so impossible after all. Will opposites attract? Or will they repel?
650 _2Library of Congress Subject Headings
_aLove stories, Philippine (English)
650 _2Library of Congress Subject Headings
_aPhilippine fiction (English)
700 _aQuibilan, Sunantha Mendoza
942 _2lcc
_cBK
999 _c353653
_d353653